|
|
|
|
| LEADER |
00000naa a2200000 ar4500 |
| 001 |
vtls009089756 |
| 003 |
SK-MaSNL |
| 005 |
20260302100401.0 |
| 008 |
070828e1972 xo | || |||| ||slo |
| 015 |
|
|
|a SNBRA2007/08
|2 snkbucl
|
| 038 |
|
|
|a SNKBUCL
|
| 040 |
|
|
|a SNKBUCL
|b slo
|c SNKBUCL
|e AACR2
|
| 041 |
0 |
|
|a slo
|
| 044 |
|
|
|a xo
|c SK
|
| 080 |
|
|
|a 94(430):63
|x "15/17"
|2 1997
|
| 080 |
|
|
|a 63
|x (430)
|x "15/17"
|2 1997
|
| 080 |
|
|
|a 330.342.13:63
|x (430)
|x "15/17"
|2 1997
|
| 080 |
|
|
|a 316.343.37
|x (430)
|x "15/17"
|2 1997
|
| 080 |
|
|
|a 316.343.64
|x (430)
|x "15/17"
|2 1997
|
| 100 |
1 |
|
|a Heitz, Gerhard
|4 aut
|9 770976
|
| 245 |
1 |
0 |
|a O agrárnom vývoji vo východonemeckých krajinách v období neskorého feudalizmu
|c Gerhard Heitz
|
| 648 |
|
7 |
|a 16.-18. stor.
|2 snkbucl
|9 309930
|
| 650 |
0 |
7 |
|a druhé nevoľníctvo
|2 snkbucl
|9 105326
|
| 650 |
0 |
7 |
|a feudalizmus
|2 snkbucl
|9 4441
|
| 650 |
0 |
7 |
|a zemepanské hospodárstvo
|2 snkbucl
|9 770977
|
| 650 |
0 |
7 |
|a majerské hospodárstvo
|2 snkbucl
|9 770945
|
| 650 |
0 |
7 |
|a roľníctvo
|2 snkbucl
|9 265959
|
| 650 |
0 |
7 |
|a neskorý feudalizmus
|2 snkbucl
|9 287060
|
| 651 |
|
7 |
|a Nemecko východné
|x dejiny
|2 snkbucl
|9 479538
|
| 655 |
|
7 |
|a referáty
|2 snkbucl
|9 70611
|
| 773 |
0 |
|
|t Historické štúdie. XVII
|d Bratislava : Vydavateľstvo Slovenskej akadémie vied, 1972
|g S. 97-102
|
| 852 |
|
|
|a SNK
|b KIS3GCP
|
| 958 |
|
|
|a DE
|
| 999 |
|
|
|c 1220003
|d 1221933
|